00453nam a22000977a 4500008004100000040005500041245019700096260003700293300001400330650001100344230705b |||||||| |||| 00| 0 eng d aNational Science LibrarycNational Science Library aElements of information resources policy: bLibrary and other information servicesc/ Prepared for National Commission on Libraries and Information Science Office of Education 12 January, 1976 aUS: bHarvard University, c1976 aix, 216p. aReport